| 000 | 00721nam a22002777a 4500 | ||
|---|---|---|---|
| 005 | 20250819115742.0 | ||
| 008 | 160119b2014 xxu||||| |||| 00| 0 spa d | ||
| 020 | _a9788495348944 | ||
| 041 | _aESP | ||
| 082 | _a339 M278m8 | ||
| 100 |
_aMankiw, Gregory _9700 |
||
| 245 | _aMacroeconomía | ||
| 250 | _a8 edición | ||
| 260 | _aEstados Unidos | ||
| 260 | _bAntoni Bosch | ||
| 260 | _c2014 | ||
| 300 | _a859 páginas | ||
| 490 | _aDirección y Administración de Empresas | ||
| 650 | _aMACROECONOMÍA | ||
| 650 | _aECONOMÍA | ||
| 650 | _aTEORÍA CLÁSICA | ||
| 650 | _aTEORÍA DEL CRECIMIENTO | ||
| 650 | _aTEORÍA DE LOS CICLOS ECONÓMICOS | ||
| 650 | _aPOLÍTICA MACROECONÓMICA | ||
| 942 |
_cBK _2ddc |
||
| 999 |
_c9025 _d9025 |
||